000 00989nam a2200289 i 4500
003 EG-GICUC
005 20260213093925.0
008 260213s1920 uk ||||fr||| 000 0 fengd|
040 _aEG-GiCUC
_beng
_cEG-GiCUC
_dEG-GiCUC
_eRda
082 0 4 _221
_a341.83
_bGR . R
092 0 4 _221
099 _aLaw1 12 341.83 GR . R 1920
100 1 _aGrant, A. Wallace
_eAuthor.
245 1 0 _aReports of Prize Cases :
_bDecided During the Present War In Courts of Great Britain the and the Overseas Dominions.
_nVolume III /
_cA. Wallace Grant.
264 0 _aLondon :
_bStevens & Sons,
_c1920.
300 _a458page :
_billustration ;
_c 24 cm.
336 _2rda contenu
_a texte
337 _2rda medias
_aOrdinateur
338 _2 transporteur rda
_a Ressource en ligne
504 _a
546 _aText in English
650 1 4 _aPrivate international law
_2
651 1 _2
856 4 0 _uhttps://fll.law.cu.edu.eg/fulltext/bks/B12-02127.pdf
905 _a50
942 _2ddc
_cBK
_e21
_n0
999 _c63006
_d63006